[Event "World Open"]
[Site "Philadelphia USA"]
[Date "2000.07.02"]
[Round "5"]
[White "Yee,P"]
[Black "Weeramantry,S"]
[Result "1-0"]
[WhiteElo "2225"]
[BlackElo "2239"]

1.e4 d6 2.d4 g6 3.Nc3 Bg7 4.Bc4 Nc6 5.Nge2 Nf6 6.f3 O-O 7.Bg5 a6 8.a4 e5
9.d5 Ne7 10.Qd2 Bd7 11.O-O Ne8 12.f4 h6 13.Bxe7 Qxe7 14.f5 Nf6 15.Ng3 Kh7
16.a5 h5 17.Qe2 Bh6 18.Qf3 Ng4 19.Rfe1 Qh4 20.Nf1 gxf5 21.exf5 Bf4 22.g3 Nxh2
23.Qxf4 exf4 24.gxh4 Nf3+ 25.Kf2 Nxe1 26.Rxe1 Bxf5 27.Ne4 Bxe4 28.Rxe4 Rae8
29.Rxf4 f5 30.Bd3 Re5 31.c4 c6 32.Ne3 Kg6 33.b4 Rf7 34.Rf3 Rf6 35.Ng2 cxd5
36.cxd5 Kf7 37.Nf4 Kf8 38.Nxh5  1-0

[Event "It"]
[Site "Techirghiol ROM"]
[Date "2000.07.04"]
[Round "3"]
[White "Burnoiu,C"]
[Black "Nanu,C"]
[Result "0-1"]
[WhiteElo "2266"]
[BlackElo "2342"]

1.e4 d6 2.d4 g6 3.Nc3 Bg7 4.Nge2 Nf6 5.g3 O-O 6.Bg2 Nbd7 7.O-O c5 8.d5 a6
9.a4 b6 10.h3 Rb8 11.g4 b5 12.axb5 axb5 13.Ng3 b4 14.Nce2 Nb6 15.f4 Ne8 16.Qd3 Nc7
17.c3 bxc3 18.bxc3 Ba6 19.Qc2 Bc4 20.Bd2 Ra8 21.Rfb1 Nb5 22.Bc1 Qc7 23.Bf3 Qb7
24.Bb2 Rxa1 25.Rxa1 Ra8 26.Rxa8+ Qxa8 27.Nf1 Qa4 28.Qc1 Bd3 29.Nd2 Qc2 30.Qxc2 Bxc2
31.e5 Nc7 32.c4 Bd3 33.Nc1 Bxc4 34.Nxc4 Nxc4 35.exd6 exd6 36.Bxg7 Kxg7 37.Ne2 Nb5
38.Kf2 h6 39.h4 f6 40.Ng3 Nc3 41.Ne4 Nxe4+ 42.Bxe4 g5 43.f5 gxh4  0-1

[Event "29th ch-GRE Team"]
[Site "Athens GRE"]
[Date "2000.07.09"]
[Round "4"]
[White "Gavrilakis,N"]
[Black "Nikolaidis,I"]
[Result "1/2-1/2"]
[WhiteElo "2398"]
[BlackElo "2530"]

1.e4 g6 2.d4 Bg7 3.Nc3 d6 4.Nf3 a6 5.a4 b6 6.Bc4 e6 7.O-O Ne7 8.Re1 Bb7 9.Bf1 Nd7
10.g3 O-O 11.Bg2 c5 12.Be3 Qc7 13.dxc5 Nxc5 14.Nd4 Rad8 15.Qe2 d5 16.exd5 Nxd5
17.Nxd5 Bxd5 18.Bxd5 Rxd5 19.Qc4 Qd6 20.c3 e5 21.Nb3 Nd3 22.Re2 b5 23.axb5 axb5
24.Qh4 Qc6 25.Rd2 Qc4 26.Qxc4 bxc4 27.Nc5 Rxc5 28.Rxd3 cxd3 29.Bxc5 Rd8 30.Be3 e4
31.f3 f5 32.Kf2 Re8 33.fxe4 fxe4 34.Ke1 Kf7 35.Kd2 Be5 36.Ra4 Bf6 37.Ra7+ Ke6
38.Ra6+  1/2-1/2

[Event "ch-SCCF"]
[Site "Los Angeles USA"]
[Date "2000.07.09"]
[Round "3"]
[White "Van Buskirk,C"]
[Black "Peters,Joh"]
[Result "1/2-1/2"]
[WhiteElo "2335"]
[BlackElo "2462"]

1.d4 g6 2.e4 Bg7 3.Nc3 d6 4.Bg5 a6 5.Nf3 b5 6.Bd3 Bg4 7.O-O Bxf3 8.Qxf3 Bxd4
9.e5 Nd7 10.exd6 cxd6 11.Bxb5 axb5 12.Nxb5 Be5 13.Qxa8 Qxa8 14.Nc7+ Kd8 15.Nxa8 Kc8
16.c3 Kb7 17.Rfe1 h6 18.Be3 Bg7 19.Nb6 Nxb6 20.Bxb6 Kxb6 21.Rad1 h5 22.Re4 Bf6
23.Rb4+ Kc7 24.a4 Nh6 25.Rd5 Ra8 26.Rdb5 e6 27.Rc4+ Kd8 28.Rcb4 Kc8 29.Rc4+ Kd8
30.Rcb4 Kc8  1/2-1/2

[Event "2nd ShakkiNet IM"]
[Site "Helsinki FIN"]
[Date "2000.07.12"]
[Round "3"]
[White "Gamback,B"]
[Black "Pirttimaki,T"]
[Result "1/2-1/2"]
[WhiteElo "2235"]
[BlackElo "2271"]

1.e4 g6 2.d4 Bg7 3.Nc3 d6 4.Be3 Nf6 5.Qd2 c6 6.Bh6 Bxh6 7.Qxh6 e5 8.dxe5 dxe5
9.Nf3 Qe7 10.Bc4 b5 11.Bb3 Be6 12.O-O Nbd7 13.Bxe6  1/2-1/2

[Event "Golden Cleopatra Open"]
[Site "Cairo EGY"]
[Date "2000.07.13"]
[Round "3"]
[White "Abdel Aziem,R"]
[Black "Berelovich,A"]
[Result "0-1"]
[WhiteElo "2230"]
[BlackElo "2505"]

1.e4 g6 2.d4 Bg7 3.Nc3 d6 4.Be3 a6 5.Qd2 b5 6.f3 Nd7 7.Nge2 Bb7 8.g4 c5 9.Ng3 Qc7
10.Be2 h6 11.O-O Ngf6 12.Rad1 cxd4 13.Bxd4 O-O 14.a3 Rac8 15.Rf2 Ne5 16.Bxe5 dxe5
17.Bd3 Rfd8 18.Qe3 Nh7 19.h4 e6 20.a4 Bf8 21.axb5 axb5 22.Nxb5 Bc5 23.Qe2 Qe7
24.Kg2 Bxf2 25.Qxf2 Ba6 26.Qb6 Bxb5 27.Qxb5 Rb8 28.Qxe5 Qxh4 29.Rh1 Qf6 30.Qxf6 Nxf6
31.b3 Nd7 32.Rc1 Ne5 33.Be2 g5 34.Kf2 Rdc8 35.Ke3 Rxb3+ 36.cxb3 Rxc1 37.b4 Kf8
38.b5 Ke7 39.Kd4 Kd6 40.Nh5 Re1 41.Ke3 Kc5 42.Nf6 Rb1 43.Ng8 Rb3+ 44.Kf2 Kd4
45.Nf6  0-1

[Event "zt 2.32"]
[Site "Guatemala City GUA"]
[Date "2000.07.14"]
[Round "1"]
[White "Juarez Flores,C"]
[Black "Chavez,Ri"]
[Result "1-0"]
[WhiteElo "2392"]
[BlackElo "2112"]

1.e4 d6 2.d4 g6 3.Nc3 Bg7 4.Nf3 Nf6 5.h3 O-O 6.Be2 c6 7.O-O b5 8.e5 Ne8 9.Bg5 f6
10.Bh4 b4 11.Ne4 Qc7 12.exd6 exd6 13.a3 bxa3 14.Rxa3 Qf7 15.Bg3 d5 16.Nc5 Nc7
17.Qa1 Ne6 18.Bxb8 Nxc5 19.Bd6 Re8 20.dxc5 Rxe2 21.Nd4 Re8 22.Nxc6 a6 23.Re1 Bf8
24.Bxf8 Qxf8 25.b4 Kg7 26.Rae3 Rxe3 27.Rxe3 Bf5 28.Nd4 Bc8 29.Qa4 Rb8 30.c3 Qf7
31.Qe8  1-0

[Event "2nd ShakkiNet IM"]
[Site "Helsinki FIN"]
[Date "2000.07.14"]
[Round "5"]
[White "Raaste,E"]
[Black "Nouro,M"]
[Result "1-0"]
[WhiteElo "2349"]
[BlackElo "2398"]

1.e4 g6 2.d4 Bg7 3.Nc3 d6 4.Bg5 c6 5.Qd2 Nd7 6.f4 b5 7.Nf3 Ngf6 8.Bd3 Qa5
9.O-O O-O 10.e5 b4 11.Ne2 Nd5 12.a3 f6 13.Bh4 dxe5 14.fxe5 Qb6 15.axb4 fxe5
16.c4 e4 17.Bxe4 N7f6 18.Bxf6 Nxf6 19.Bd3 Ng4 20.h3 Nh6 21.c5 Qc7 22.Bc4+ Kh8
23.Ng5 Rf6 24.Ne4 Rxf1+ 25.Rxf1 Bf5 26.Ng5 Rd8 27.Rxf5 gxf5 28.Ne6 Qb8 29.Nxg7 Kxg7
30.Qg5+ Kh8 31.Qxh6 Qxb4 32.Qe6 Qe1+ 33.Kh2 Qh4 34.Qe5+ Qf6 35.Qxf6+ exf6
36.Kg3 Rb8 37.b3 Kg7 38.Kf4 Kg6 39.Ng3 a5 40.Nxf5  1-0

[Event "Staffordshire IM"]
[Site "Lichfield ENG"]
[Date "2000.07.14"]
[Round "9"]
[White "Richardson,J"]
[Black "Dunnington,A"]
[Result "1/2-1/2"]
[WhiteElo "2331"]
[BlackElo "2372"]

1.e4 g6 2.d4 d6 3.Nc3 Bg7 4.g3 Nf6 5.Bg2 O-O 6.Nge2 e5 7.dxe5 dxe5 8.Qxd8 Rxd8
9.Bg5 c6 10.O-O h6 11.Rad1 Re8 12.Be3 Na6 13.h3 Be6 14.Rd2 Bf8  1/2-1/2

[Event "Aegean Open"]
[Site "Agios Kyrikos GRE"]
[Date "2000.07.16"]
[Round "2"]
[White "Georgiev,Kr"]
[Black "Koukoufikis,A"]
[Result "1-0"]
[WhiteElo "2532"]
[BlackElo "2181"]

1.e4 d6 2.d4 g6 3.Nc3 Bg7 4.Be3 c6 5.Qd2 Nd7 6.h4 h5 7.f3 b5 8.Nh3 a6 9.Ng5 Nb6
10.O-O-O Nf6 11.Bd3 Qc7 12.Qf2 Rb8 13.Kb1 Nfd7 14.g4 c5 15.gxh5 Rxh5 16.e5 dxe5
17.dxc5 Nc4 18.Ne6 fxe6 19.Bxg6+ Kf8 20.Bxh5 Nf6 21.Bg6 Nd5 22.Bd2 b4 23.Ne4 Qa5
24.Qe2 Bd7 25.Qxc4 Bb5 26.Bxb4 Qc7 27.Qb3 Be8 28.Bxe8 Rxb4 29.Qa3 Kxe8 30.Rxd5 Rxe4
31.Rd8+ Qxd8 32.fxe4  1-0

[Event "2nd ShakkiNet IM"]
[Site "Helsinki FIN"]
[Date "2000.07.16"]
[Round "7"]
[White "Gamback,B"]
[Black "Nouro,M"]
[Result "0-1"]
[WhiteElo "2235"]
[BlackElo "2398"]

1.e4 g6 2.d4 Bg7 3.Nc3 d6 4.Be3 a6 5.Qd2 b5 6.Bd3 Bb7 7.Nf3 Nd7 8.O-O c5
9.Rfe1 cxd4 10.Nxd4 Ngf6 11.Bh6 Bxh6 12.Qxh6 Qb6 13.Qe3 Ng4 14.Qg3 h5 15.Nf3 Ndf6
16.Qh4 Rg8 17.Ng5 Qc5 18.e5 Nxe5 19.Nce4 Nxe4 20.Nxe4 Bxe4 21.Qxe4 Ra7 22.b4 Qb6
23.a4 bxa4 24.Rxa4 Kf8 25.Rea1 Nxd3 26.Qxd3 Kg7 27.b5 a5 28.Rxa5 Rc7 29.c4 Rgc8
30.R5a4 Qc5 31.h3 Qe5 32.Rd1 Qe6 33.Qd4+ f6 34.Rc1 Rc5 35.b6 Rb8 36.Rb1 Qd7
37.Ra7 Qe6 38.Ra4 Rb7 39.Ra7 Rb8 40.Ra4 Kf7 41.Rab4 Rb7 42.Ra1 Rc6 43.Kf1 Qe5
44.Qxe5 fxe5 45.Rab1 Ke6 46.Ke2 Rc8 47.Kd3 Kd7 48.Ke4 Rf8 49.R1b2 Kc6 50.g3 Rfb8
51.f4 exf4 52.gxf4 Rxb6 53.Rxb6+ Rxb6 54.Rg2 Rb3 55.Rxg6 Rxh3 56.Re6 Kd7
57.Rh6 Rh1 58.f5 h4 59.Rh7 h3 60.Kf3 Rc1 61.f6 Rf1+ 62.Ke4 Rxf6 63.Rxh3 Kc6
64.Rh8 Rg6 65.Rc8+ Kd7 66.Rh8 Rg1 67.Rh7 Kc6 68.Rh8 Rg4+ 69.Kd3 Rg3+ 70.Ke4 e5
71.Rc8+ Kd7 72.Ra8 Rc3 73.Ra4 Kc6 74.Kf5 Kc5 75.Ke6 e4 76.Ra5+ Kxc4 77.Kxd6 e3
78.Ke5 e2 79.Ra4+ Kd3 80.Rd4+ Kc2 81.Re4 Kd2 82.Kd4 Rc8  0-1

[Event "Golden Cleopatra Open"]
[Site "Cairo EGY"]
[Date "2000.07.18"]
[Round "7"]
[White "Sameeh,H"]
[Black "Berelovich,A"]
[Result "0-1"]
[WhiteElo "2315"]
[BlackElo "2517"]

1.e4 g6 2.d4 Bg7 3.Nc3 d6 4.f4 Nf6 5.Nf3 c5 6.dxc5 Qa5 7.Bd3 Qxc5 8.Qe2 O-O
9.Be3 Qa5 10.O-O Bg4 11.h3 Bxf3 12.Qxf3 Nc6 13.a3 Nd7 14.Bd2 Nd4 15.Qf2 Nc5
16.Nd5 Qd8 17.Bc3 Nc6 18.Bxg7 Kxg7 19.f5 Nd7 20.Bb5 a6 21.Bxc6 bxc6 22.Nf4 Qb6
23.Qxb6 Nxb6 24.b3 a5 25.a4 Nd7 26.Nd3 g5 27.Rae1 Kf6 28.Kf2 Rab8 29.Rh1 Ne5
30.Nc1 c5 31.h4 g4 32.Ke3 c4 33.Rd1 Rfc8 34.Rd5 cxb3 35.cxb3 Rc3+ 36.Kf4 h5
37.Rhd1 Ng6+  0-1

[Event "10th Open"]
[Site "Jyvaskyla FIN"]
[Date "2000.07.19"]
[Round "2"]
[White "Kiik,K"]
[Black "Paronen,P"]
[Result "1-0"]
[WhiteElo "2442"]
[BlackElo "2179"]

1.e4 g6 2.d4 Bg7 3.Nc3 d6 4.f4 a6 5.a4 Nc6 6.Be3 Nf6 7.Be2 O-O 8.Nf3 e6 9.O-O b6
10.h3 Bb7 11.e5 Nd5 12.Nxd5 exd5 13.Qd2 Qe7 14.Rae1 Rae8 15.Bd3 Qd7 16.b4 Nd8
17.a5 b5 18.c3 f6 19.exf6 Rxf6 20.g4 Ref8 21.f5 gxf5 22.Bxf5 Ne6 23.Ng5 Rxf5
24.gxf5 Nxg5 25.Bxg5 Rxf5 26.Rxf5 Qxf5 27.Re8+ Kf7 28.Re7+ Kg6 29.Qg2 Bf8
30.Bh4+ Kh6 31.Rf7 Qxf7 32.Qg5+  1-0

[Event "10th Open"]
[Site "Jyvaskyla FIN"]
[Date "2000.07.19"]
[Round "2"]
[White "Laasanen,T"]
[Black "Koskinen,Hen"]
[Result "1-0"]
[WhiteElo "2121"]
[BlackElo "2310"]

1.d4 d6 2.e4 g6 3.Nc3 Bg7 4.Bc4 Nf6 5.f3 O-O 6.Be3 c6 7.Qd2 b5 8.Bb3 a5 9.a4 b4
10.Nce2 Qc7 11.h4 c5 12.c4 cxd4 13.Nxd4 Nbd7 14.Nb5 Qb7 15.Qf2 Ne5 16.Qe2 Be6
17.Nh3 Rac8 18.Rc1 Nh5 19.Kf2 Kh8 20.g4 Bxg4 21.fxg4 Qxe4 22.Rhg1 Nd3+ 23.Kf1 Nf6
24.Rc2 Ne5 25.Nf2 Qb7 26.h5 Kg8 27.c5 dxc5 28.Bxc5 Nd5 29.Qe4 Rfd8 30.Nh3 Qd7
31.Bd4 Rxc2 32.Bxc2 Qc6 33.h6 Qf6+ 34.Kg2 Bh8 35.Rf1 Qe6 36.Ng5 Qxg4+ 37.Qxg4 Nxg4
38.Bxh8 Nge3+ 39.Kg1 Nxf1 40.Kxf1 Nf6 41.Bxf6 exf6 42.Ne4 Kf8 43.Ned6 Ke7
44.Bb3 f5 45.Bxf7 Kf6 46.Be8 Rb8 47.Bc6 Kg5 48.Nc4 Kxh6 49.Nxa5 Rb6 50.Nd4 Kg5
51.Nc4 Ra6 52.a5 h5 53.Bb5  1-0

[Event "Aegean Open"]
[Site "Agios Kyrikos GRE"]
[Date "2000.07.20"]
[Round "6"]
[White "Sideris,T"]
[Black "Koukoufikis,A"]
[Result "0-1"]
[WhiteElo "2038"]
[BlackElo "2181"]

1.e4 d6 2.d4 g6 3.Nc3 Bg7 4.Be3 c6 5.Qd2 Nd7 6.h4 h5 7.Bc4 b5 8.Bb3 Ngf6
9.f3 a6 10.Nh3 e6 11.Rd1 O-O 12.Bg5 Qc7 13.Ne2 a5 14.c3 Nb6 15.a3 a4 16.Ba2 Nc4
17.Bxc4 bxc4 18.Bh6 Rb8 19.Bxg7 Kxg7 20.Nf2 Qb6 21.Rb1 e5 22.g4 hxg4 23.fxg4 Nxg4
24.Nxg4 Bxg4 25.Qg5 Bxe2 26.h5 Bxh5 27.Rxh5 Rh8 28.Rxh8 Rxh8 29.Qg1 exd4
30.Rd1 Qxb2 31.Qxd4+ Kg8 32.Rd2 Rh1+ 33.Ke2 Rh2+ 34.Ke3 Qxd2+ 35.Qxd2 Rxd2
36.Kxd2 f5 37.Ke3 fxe4 38.Kxe4 Kf7 39.Kd4 Ke6 40.Kxc4 g5 41.Kd4 Kf5  0-1

[Event "ch-SCO"]
[Site "Glasgow SCO"]
[Date "2000.07.20"]
[Round "6"]
[White "Shaw,J"]
[Black "McNab,C"]
[Result "1/2-1/2"]
[WhiteElo "2435"]
[BlackElo "2416"]

1.e4 g6 2.d4 d6 3.Nc3 Bg7 4.Be3 Nf6 5.Qd2 c6 6.Bh6 Bxh6 7.Qxh6 Qa5 8.Bd3 c5
9.Ne2 cxd4 10.Nxd4 Qb6 11.O-O-O Nc6 12.Bb5 Bd7 13.Qe3 e5 14.Bxc6 bxc6 15.Qf3 Ke7
16.Nde2 Bg4 17.Qd3 Rhd8 18.h3 Bxe2 19.Qxe2 Rab8 20.b3 Qa5 21.Kb2 Nd7 22.Qd2 Nb6
23.Ka1 Kf8 24.h4 d5 25.exd5 cxd5 26.Rh3 Rbc8 27.h5 d4 28.hxg6 fxg6 29.Qh6+ Ke8
30.Qg7 Rd7 31.Qg8+ Ke7 32.Rxh7+ Kf6 33.Ne4+ Kf5 34.Ng3+ Kf6 35.Ne4+ Kf5 36.Ng3+ Kf6
37.Ne4+  1/2-1/2

[Event "It"]
[Site "Bergen NOR"]
[Date "2000.07.21"]
[Round "1"]
[White "Brekken,E"]
[Black "Bern,I"]
[Result "1-0"]
[WhiteElo "2222"]
[BlackElo "2379"]

1.e4 g6 2.d4 Bg7 3.Nc3 d6 4.Be3 c6 5.f4 b5 6.e5 Nh6 7.Nf3 O-O 8.Qd2 Nd7 9.a4 b4
10.Ne4 Nf5 11.Bf2 c5 12.dxc5 Bb7 13.Qxb4 Rb8 14.cxd6 Bxe4 15.Qxe4 Qa5+ 16.Nd2 exd6
17.O-O-O dxe5 18.Nb3 Qc7 19.Bb5 Rxb5 20.axb5 exf4 21.Qc6 Qe5 22.Rxd7 Qxb2+
23.Kd2 Ne3 24.Bxe3 fxe3+ 25.Ke2 Bc3 26.Qe4 Rc8 27.Rhd1 Ba5 28.Nd4 Bb6 29.Kf3 Qc3
30.Rd3 Qe1 31.Qxe3 Qf1+ 32.Qf2 Qh1  1-0

[Event "ch-Paris"]
[Site "Paris FRA"]
[Date "2000.07.21"]
[Round "7"]
[White "Mircescu,O"]
[Black "Gaillard,M"]
[Result "1/2-1/2"]
[WhiteElo "2178"]
[BlackElo "2062"]

1.e4 d6 2.d4 g6 3.Nc3 Bg7 4.Be3 Nf6 5.f3 Nc6 6.Qd2 O-O 7.O-O-O e5 8.d5 Ne7
9.Bh6 Nd7 10.g4 a6 11.h4 f6 12.Bxg7 Kxg7 13.g5 f5 14.exf5 Nxf5 15.Ne4 Nc5
16.Nxc5 dxc5 17.Bh3 Nd4 18.Bxc8 Rxc8 19.c3 Nxf3 20.Qe3 Nxg1 21.Qxe5+ Kg8
22.Qe6+ Kg7 23.Rhxg1 Re8 24.Qg4 Qd6 25.Rge1 Rcd8 26.Re6 Rxe6 27.dxe6 Qxd1+
28.Qxd1 Rxd1+ 29.Kxd1 Kf8 30.Ke2 Ke7 31.Ke3 Kxe6 32.Ke4 c6 33.c4 b5 34.b3 b4
35.Kf4 a5 36.Ke4  1/2-1/2

[Event "Aegean Open"]
[Site "Agios Kyrikos GRE"]
[Date "2000.07.22"]
[Round "8"]
[White "Vuckovic,Bo"]
[Black "Nesic,N"]
[Result "1-0"]
[WhiteElo "2444"]
[BlackElo "2234"]

1.e4 g6 2.d4 Bg7 3.Nc3 d6 4.f4 Nf6 5.Nf3 Nc6 6.Be3 O-O 7.Qd2 Bg4 8.d5 Bxf3
9.gxf3 Nb8 10.f5 Nbd7 11.O-O-O Ne5 12.f4 Neg4 13.Bd4 gxf5 14.h3 Nh6 15.Rg1 Kh8
16.Rxg7 Kxg7 17.Qg2+ Kh8 18.Qg5 Ng8 19.Bd3 h6 20.Qg2 e5 21.fxe5 Nd7 22.Rg1 Qg5+
23.Qxg5 hxg5 24.exd6+ f6 25.dxc7 Kh7 26.exf5 Ne7 27.Bb5 Nxf5 28.Bd3  1-0

[Event "10th Open"]
[Site "Jyvaskyla FIN"]
[Date "2000.07.22"]
[Round "7"]
[White "Holmsgaard,H"]
[Black "Ruotanen,H"]
[Result "1-0"]
[WhiteElo "2274"]
[BlackElo "2024"]

1.e4 g6 2.d4 Bg7 3.Nc3 d6 4.Bg5 c6 5.Qd2 b5 6.f4 Nf6 7.a3 a6 8.Bd3 Qb6 9.e5 dxe5
10.fxe5 Nd5 11.Nxd5 cxd5 12.Nf3 Nc6 13.c3 h6 14.Be3 Na5 15.Qc2 Nc4 16.Bf2 Ra7
17.O-O g5 18.Rae1 Be6 19.Kh1 Rc7 20.Qc1 Qc6 21.Ng1 Kd7 22.Ne2 Re8 23.Qc2 a5
24.Ra1 b4 25.axb4 axb4 26.Nc1 bxc3 27.bxc3 Nxe5 28.dxe5 Bxe5 29.Ne2 Rb8 30.Ra6 Qb7
31.Qa4+ Kd8 32.Rb1 Qxb1+ 33.Bxb1 Rxb1+ 34.Ng1 Rxc3 35.Ra8+ Bc8 36.Qa5+ Kd7
37.Qxd5+ Bd6 38.Ra7+ Ke8 39.Qe4 Rcc1 40.Qd4 Bb7 41.Ra2 Bc6 42.Rb2 Ra1 43.Qh8+ Kd7
44.Bb6 Ra8 45.Qxh6 f6 46.Qh3+ Ke8 47.Re2 Ra4 48.Qe6 Kf8 49.Rd2 Re4 50.Rxd6 Rxe6
51.Rxe6 Kf7 52.Re2 e5 53.Rf2 Ke6 54.h3 e4 55.Kh2 f5 56.Be3 Rd1 57.Bxg5 Rd3
58.Ne2 Rd7 59.Be3 Bb7 60.Nd4+ Kd5 61.Nxf5 Kc4 62.Rc2+ Kb4 63.Rd2 Rc7 64.Nd6 Ba8
65.Rd4+ Ka5 66.Bd2+ Ka6  1-0

[Event "KB Czech Open"]
[Site "Pardubice CZE"]
[Date "2000.07.22"]
[Round "2"]
[White "Praznik,N"]
[Black "Stryjecki,M"]
[Result "0-1"]
[WhiteElo "2254"]
[BlackElo "2405"]

1.e4 g6 2.d4 Bg7 3.Nc3 d6 4.Bc4 Nf6 5.Nf3 c6 6.Bb3 Bg4 7.h3 Bxf3 8.Qxf3 e6
9.O-O d5 10.e5 Nfd7 11.Ne2 O-O 12.Qg4 c5 13.c3 Nc6 14.Bg5 Qb6 15.Rab1 Qa6
16.Rfe1 Rac8 17.h4 cxd4 18.cxd4 Ncxe5 19.dxe5 Nxe5 20.Qa4 Qxa4 21.Bxa4 Nd3
22.Rf1 Nxb2 23.Bb3 b5 24.Be3 a6 25.Bd4 Nc4 26.Bxg7 Kxg7 27.Rfd1 Kf6 28.Rd3 Rfd8
29.f4 h5 30.Nd4 Nd6 31.Bd1 Rc4 32.Bb3 Rc7 33.Bd1 Rdc8 34.Kh2 Rc4 35.Bb3 Rc3
36.Rbd1 Ne4 37.Rxc3 Rxc3 38.Bc2 Nc5 39.Rd2 b4 40.g3 a5 41.Nc6 Ra3 42.Bb1 Na4
43.Nd4 Nc3 44.Bd3 e5 45.fxe5+ Kxe5 46.Nf3+ Kd6 47.Ng5 f5 48.Bc4 Kc6 49.Bd3 Rxa2
50.Rxa2 Nxa2 51.Ne6 a4 52.g4 fxg4 53.Bxg6 b3 54.Bxh5 b2 55.Bg6 Nc3 56.Nd4+ Kd7  0-1

[Event "ch-Paris"]
[Site "Paris FRA"]
[Date "2000.07.22"]
[Round "8"]
[White "Romieux,S"]
[Black "Bourhaleb,M"]
[Result "1-0"]
[WhiteElo "2217"]
[BlackElo "2106"]

1.e4 g6 2.d4 Bg7 3.Nc3 d6 4.f3 a6 5.Be3 b5 6.Qd2 Nd7 7.Nge2 Bb7 8.h4 h5 9.a4 b4
10.Nd1 c5 11.Nf2 Ngf6 12.b3 Qc7 13.Rc1 Rc8 14.g3 a5 15.c4 Rd8 16.Bh3 e6 17.O-O e5
18.d5 Nh7 19.Kg2 Bc8 20.f4 exf4 21.gxf4 Ndf6 22.Bxc8 Rxc8 23.Ng3 Nd7 24.Nd3 O-O
25.f5 Qd8 26.Nf4 Ne5 27.fxg6 Nxg6 28.Ngxh5 Bc3 29.Qf2 Qxh4 30.Qxh4 Nxh4+
31.Kh3 Ng6 32.Rg1 Kh8 33.Rxg6 fxg6 34.Nxg6+ Kg8 35.Ne7+ Kf7 36.Nxc8 Rxc8
37.Rf1+ Ke7 38.Rg1 Rf8 39.Nf4 Kd7 40.Kg4 Rg8+ 41.Kf5 Rf8+ 42.Kg6 Nf6 43.Ne6 Rg8+
44.Kf5 Rxg1 45.Bxg1 Be5 46.Nxc5+ Kc7 47.Ne6+  1-0

[Event "ch-SCO"]
[Site "Glasgow SCO"]
[Date "2000.07.23"]
[Round "9"]
[White "Stevenson,J"]
[Black "McNab,C"]
[Result "1-0"]
[WhiteElo "2133"]
[BlackElo "2416"]

1.e4 g6 2.d4 d6 3.Nc3 Bg7 4.f4 Nc6 5.Be3 Nf6 6.Nf3 O-O 7.Be2 e6 8.Qd2 Ne7
9.O-O-O b6 10.e5 Nfd5 11.Nxd5 exd5 12.h3 c5 13.c3 Bf5 14.Bd3 cxd4 15.cxd4 Be4
16.Ng5 Bxd3 17.Qxd3 Nf5 18.g4 Nxe3 19.Qxe3 Re8 20.Rhe1 Rc8+ 21.Kb1 Rc4 22.h4 dxe5
23.fxe5 f6 24.exf6 Rxe3 25.f7+ Kf8 26.Rxe3 Qd7 27.Rf1  1-0

[Event "MTO Open"]
[Site "Biel SUI"]
[Date "2000.07.26"]
[Round "3"]
[White "Velcheva,M"]
[Black "Ditzler,J"]
[Result "1-0"]
[WhiteElo "2302"]
[BlackElo "2140"]

1.e4 g6 2.d4 Bg7 3.Nc3 d6 4.Be3 a6 5.a4 Nf6 6.h3 O-O 7.Nf3 Nc6 8.g3 e5 9.Bg2 exd4
10.Nxd4 Bd7 11.O-O Nxd4 12.Bxd4 Bc6 13.Re1 Qd7 14.Qd3 Rae8 15.b3 Re6 16.Re2 Rfe8
17.Rae1 Qe7 18.f3 Nd7 19.Bxg7 Kxg7 20.f4 Nc5 21.Qd4+ Kg8 22.Bf3 Qf8 23.Kf2 Qg7
24.Qxg7+ Kxg7 25.a5 f5 26.exf5 Rxe2+ 27.Rxe2 Rxe2+ 28.Nxe2 Bxf3 29.Kxf3 gxf5
30.Nd4 Kf6 31.g4 fxg4+ 32.hxg4 Nd7 33.g5+ Kf7 34.f5 d5 35.Ne6 c5 36.Nd8+ Ke7
37.Nxb7 c4 38.b4 Ne5+ 39.Ke3 Nc6 40.c3 d4+ 41.cxd4 Nxb4 42.Kd2 Nd5 43.f6+ Kf8
44.Nc5 c3+ 45.Kc2 Kf7 46.Nxa6 h6 47.gxh6 Kxf6 48.Nc5 Kg6 49.a6 Kxh6 50.a7 Nb6  1-0

[Event "GM"]
[Site "Biel SUI"]
[Date "2000.07.27"]
[Round "4"]
[White "Gallagher,Jo"]
[Black "Ponomariov,R"]
[Result "0-1"]
[WhiteElo "2514"]
[BlackElo "2630"]

1.e4 g6 2.d4 Bg7 3.Nc3 d6 4.Be3 a6 5.Qd2 Nd7 6.a4 b6 7.Nf3 e6 8.Bc4 h6 9.h3 Ne7
10.O-O Bb7 11.Rfe1 g5 12.Nh2 Ng6 13.Nf1 Nf6 14.Ng3 O-O 15.Bd3 c5 16.dxc5 bxc5
17.Rad1 Qc7 18.Qe2 d5 19.exd5 exd5 20.Bc1 Rae8 21.Qd2 Nh4 22.Rxe8 Rxe8 23.Re1 Rxe1+
24.Qxe1 c4 25.Bf1 d4 26.Nce2 Qc5 27.Qd1 Ne4 28.Nxe4 Bxe4 29.Ng3 Bg6 30.Qe2 d3
31.cxd3 cxd3 32.Qe8+ Kh7 33.Be3 Qd5 34.Bd2 Bxb2 35.f3 Be5 36.Ne4 Bxe4 37.fxe4 Qd4+
38.Kh1 Qf2  0-1

[Event "Australian Masters"]
[Site "Melbourne AUS"]
[Date "2000.07.27"]
[Round "4"]
[White "Zhao Zong Yuan"]
[Black "Rujevic,M"]
[Result "1-0"]
[WhiteElo "2178"]
[BlackElo "2350"]

1.e4 d6 2.Nc3 g6 3.d4 Bg7 4.f4 Nf6 5.Nf3 O-O 6.Bd3 c5 7.dxc5 dxc5 8.e5 Nd5
9.Nxd5 Qxd5 10.Qe2 Nc6 11.Be4 Qd8 12.Be3 Qb6 13.c3 Qc7 14.Qb5 f5 15.Bd5+ e6
16.Bxc6 bxc6 17.Qxc5 Rd8 18.Nd4 Bd7 19.O-O Bf8 20.Qc4 Kf7 21.b4 a5 22.a4 Rdc8
23.Nb3 c5 24.b5 Rd8 25.Rad1 Be8 26.Nxc5 Qb6 27.Rd6 Rxd6 28.exd6 Qxd6 29.Nd3 Bg7
30.Bd4 Rd8 31.Rd1 Qe7 32.Re1 Bd7 33.Bxg7 Kxg7 34.Ne5 Bc8 35.Nc6 Qc7 36.Qe2 Rd5
37.c4 Rc5 38.Qb2+ Kh6 39.Qd4 Qb6 40.Re3 e5 41.Nxe5 Rxb5 42.Nf7+  1-0

[Event "Politiken Cup"]
[Site "Copenhagen DEN"]
[Date "2000.07.28"]
[Round "11"]
[White "Preuss,F"]
[Black "Matthiesen,M"]
[Result "0-1"]
[WhiteElo "2072"]
[BlackElo "2300"]

1.e4 g6 2.d4 Bg7 3.Nc3 d6 4.Be3 Nf6 5.Qd2 c6 6.Bh6 Bxh6 7.Qxh6 Qa5 8.Bd3 c5
9.Ne2 cxd4 10.Nxd4 Qb6 11.O-O-O Nc6 12.Bb5 Bd7 13.Qe3 O-O-O 14.Nd5 Nxd5 15.exd5 Ne5
16.Bxd7+ Rxd7 17.f4 Qxb2+ 18.Kxb2 Nc4+ 19.Kb3 Nxe3 20.Rd2 Nxd5 21.Nb5 Nc7
22.Nxa7+ Kb8  0-1

[Event "Australian Masters"]
[Site "Melbourne AUS"]
[Date "2000.07.29"]
[Round "6"]
[White "Hunt,A"]
[Black "Dizdarevich,M"]
[Result "1-0"]
[WhiteElo "2392"]
[BlackElo "2179"]

1.e4 d6 2.d4 g6 3.Nc3 Bg7 4.Be3 Nf6 5.Qd2 c6 6.Bh6 Bxh6 7.Qxh6 Qa5 8.Bd3 c5
9.dxc5 Qxc5 10.h3 Nc6 11.Nf3 a6 12.O-O Be6 13.a3 Rc8 14.Ne2 Qh5 15.Qe3 Qc5
16.Qd2 Ne5 17.Nfd4 Bc4 18.Kh1 h5 19.f4 Ned7 20.b3 Bb5 21.c4 Bc6 22.Qc2 e5
23.b4 Qa7 24.Nxc6 Rxc6 25.Nc3 Qd4 26.Ne2 Qa7 27.fxe5 dxe5 28.c5 O-O 29.Nc3 Rfc8
30.Nd5 Re8 31.Rf2 Qb8 32.Raf1 Qd8 33.Qe2 Kg7 34.b5 Rce6 35.bxa6 bxa6 36.Bxa6 Rf8
37.Bb5 Nh7 38.c6 Nb6 39.c7 Qa8 40.Rxf7+ Rxf7 41.Rxf7+ Kxf7 42.Nxb6 Rxb6 43.Qc4+  1-0

[Event "MTO Open"]
[Site "Biel SUI"]
[Date "2000.07.30"]
[Round "6"]
[White "Suri,H"]
[Black "Weiland,G"]
[Result "0-1"]
[WhiteElo "2025"]
[BlackElo "2095"]

1.e4 g6 2.d4 Bg7 3.Nc3 d6 4.f4 Nf6 5.Nf3 c5 6.d5 O-O 7.Bd3 e6 8.O-O exd5
9.exd5 a6 10.a4 Qc7 11.Nd2 Ng4 12.Nc4 Bd4+ 13.Kh1 Qe7 14.g3 Nf2+ 15.Rxf2 Bxf2
16.Ne4 Bd4 17.c3 Bg7 18.Nexd6 Bh3 19.Qg1 b6 20.Bd2 Rd8 21.Re1 Qf8 22.Ne4 Rxd5
23.Nf2 Rxd3 24.Nxd3 Qc8 25.Qf2 Qc6+ 26.Kg1 Nd7 27.Nde5 Nxe5 28.fxe5 Be6 29.Nd6 Qxa4
30.Bg5 h6 31.Bf6 Bf8 32.h4 h5 33.Ne4 Ra7 34.Qd2 Rd7 35.Nd6 Qg4 36.Kf2 Qh3
37.Rg1 Qf5+ 38.Qf4 Qxf4+ 39.gxf4 Bxd6 40.exd6 Rxd6 41.Re1 Kf8 42.Re2 Ke8
43.Be5 Rd3 44.Re3 c4 45.Bd4 Rd2+ 46.Re2 Rxe2+ 47.Kxe2 b5 48.Ke3 Kd7 49.Ke4 Kc6
50.Bf6 a5 51.Bd8 a4 52.Be7 Kd7 53.Bb4 f6 54.Bc5 Bh3 55.Bd4 Bg2+ 56.Ke3 Ke6
57.Bc5 Kf5 58.Be7 Bc6 59.Bc5 g5 60.fxg5 fxg5 61.hxg5 Kxg5 62.Kf2 Kg4 63.Bd6 h4
64.Ke3 Kf5 65.Kd4 Be8 66.Ke3 Ke6 67.Ba3 Kd5 68.Kf3 Bd7 69.Kf4 h3 70.Kg3 Ke4
71.Kh2 Kd3 72.Kg3 Kc2 73.Kh2 Kb3  0-1

[Event "HZ Open"]
[Site "Vlissingen NED"]
[Date "2000.07.30"]
[Round "3"]
[White "Willemze,J"]
[Black "Nijboer,F"]
[Result "0-1"]
[WhiteElo "2298"]
[BlackElo "2537"]

1.e4 d6 2.d4 g6 3.Nc3 Bg7 4.Bg5 c6 5.Qd2 b5 6.a4 b4 7.Nd1 Qa5 8.f4 Nf6 9.Bd3 d5
10.Bxf6 exf6 11.exd5 O-O 12.dxc6 Nxc6 13.Ne2 Bg4 14.Ne3 Bxe2 15.Bxe2 f5 16.c3 bxc3
17.bxc3 Rfe8 18.Nc4 Qd5 19.O-O Nxd4 20.Ne5 Bxe5 21.Kh1 Bxf4 22.Qxd4 Qxd4
23.cxd4 Rxe2 24.Rxf4 Rd8 25.Rd1 Ra2  0-1

[Event "MTO Open"]
[Site "Biel SUI"]
[Date "2000.08.03"]
[Round "10"]
[White "Ponomariov,B"]
[Black "Gurieli,N"]
[Result "1-0"]
[WhiteElo "2460"]
[BlackElo "2373"]

1.e4 g6 2.d4 Bg7 3.Nc3 d6 4.f4 Nf6 5.Nf3 O-O 6.Bd3 Na6 7.O-O c5 8.d5 Rb8
9.a4 Nb4 10.Bc4 Bg4 11.Qe2 Ne8 12.Nd1 e6 13.Ne3 exd5 14.exd5 Bxf3 15.Rxf3 f5
16.c3 Na6 17.Bxa6 bxa6 18.Qxa6 Nc7 19.Qd3 Re8 20.Rf2 Re4 21.g4 Qd7 22.gxf5 gxf5
23.Kh1 Qf7 24.Rg2 Kh8 25.Bd2 Rxf4 26.Rag1 Be5 27.b4 cxb4 28.cxb4 Re8 29.Nc4 Rd4
30.Nxd6 Qxd5 31.Qxf5 Qxd6 32.Bh6 Qd5 33.Qh5 Rxb4 34.Qg5 Ne6 35.Qf5 Rf4 36.Qh5 Rd8
37.Bxf4 Nxf4 38.Qh4 Nxg2  1-0

[Event "Eikrem mem"]
[Site "Gausdal NOR"]
[Date "2000.08.03"]
[Round "6"]
[White "Christenson,F"]
[Black "Engelbert,C"]
[Result "0-1"]
[WhiteElo "2193"]
[BlackElo "2227"]

1.d4 g6 2.e4 Bg7 3.Nc3 d6 4.Bc4 Nf6 5.Qe2 Nc6 6.Be3 Ng4 7.Nf3 O-O 8.O-O-O Nxe3
9.Qxe3 Bg4 10.h3 Bxf3 11.gxf3 e5 12.dxe5 Nxe5 13.Bb3 Qh4 14.Kb1 Bh6 15.Qe2 Kh8
16.Nd5 c6 17.Ne3 Qf4 18.Ng4 Bg7 19.Nxe5 Bxe5 20.h4 h5 21.Qe3 Kg7 22.Rdg1 Rfe8
23.Rg5 Qf6 24.Qd3 Bxb2 25.Bxf7 Kxf7 26.Qb3+ Kg7 27.Qxb2 Qxb2+ 28.Kxb2 Re5
29.Rg3 Rf8 30.Rhg1 Rf6 31.Kc3 Rc5+ 32.Kd3 Kf7 33.f4 Ra5 34.R3g2 Ra3+ 35.c3 Rxa2
36.f5 gxf5 37.Rg7+ Ke6 38.exf5+ Rxf5 39.Re1+ Kd5 40.f4 Rf2 41.Rxb7 R2xf4  0-1